000 00605nam a2200229Ia 4500
003 OSt
005 20221006164856.0
006 a|||||r|||| 00| 0
007 ta
008 221006b |||||||| |||| 00| 0 hin d
024 _a3,690
037 _cTextual
040 _aFML
_cFML
_bhin
041 _2hin
_ahin
082 _aR5, P3
100 _aAabidi Mishkaat Au.
_9678551
245 0 _aSaundaryahastriya Alochana ke Naye Aayaam
260 _aNew Delhi
_bAnang Prakashan
_c2003
300 _a282
_ccm.
942 _hR5, P3
_cTEXL
_2CC
999 _c1118781
_d1118781